La Liga players 2014/15 - Statistics

General Stats
  • This quiz has been taken 4 times
  • The average score is 218 of 521
Answer Stats
Rank Player Positions Nationality Matches Goals Assists Clubs % Correct
285 Abdoulaye Ba DF 20 0 0
100%
107 Aleix Vidal DF, MF, FW 31 4 6
100%
204 Álex López MF 25 1 0
100%
224 Andrés Iniesta MF 24 0 1
100%
342 Ángel Rodríguez MF, FW 15 0 1
100%
4 Antoine Griezmann MF, FW 37 22 1
100%
6 Claudio Bravo GK 37 0 0
100%
22 Cristiano Ronaldo MF, FW 35 48 16
100%
432 Cristian Rodríguez MF 6 0 0
100%
46 Damián Suárez DF, MF 34 1 1
100%
133 Dani Alves DF, MF 30 0 6
100%
134 Dani Carvajal DF 30 0 3
100%
499 David López DF, MF 1 0 0
100%
110 Denis Suárez MF, FW 31 2 4
100%
8 Diego Alves GK 37 0 0
100%
406 Fábio Coentrão DF 9 0 0
100%
296 Fernando Torres FW 19 3 1
100%
113 Gareth Bale MF, FW 31 13 9
100%
437 Hélder Costa MF, FW 6 0 0
100%
358 Héldon Ramos MF, FW 14 0 0
100%
97 Iker Casillas GK 32 0 0
100%
504 Iker Hernández FW 1 0 0
100%
271 Íñigo López DF 21 0 0
100%
198 Iván López DF 26 0 2
100%
98 Ivan Rakitić MF 32 5 8
100%
146 James Rodríguez MF, FW 29 13 13
100%
147 Jaume Costa DF 29 1 0
100%
242 Javier Hernández FW 23 7 4
100%
164 Javi López DF, MF 28 0 1
100%
464 Jonathan López GK 4 0 0
100%
183 Jordi Alba DF, MF 27 1 3
100%
413 José López Silva MF 8 0 0
100%
216 José Rodríguez DF, MF 25 2 1
100%
78 Juan Rodríguez MF 33 1 0
100%
149 Karim Benzema FW 29 15 11
100%
9 Kiko Casilla GK 37 0 0
100%
64 Koke MF 34 2 10
100%
2 Lionel Messi MF, FW 38 43 18
100%
509 Lucas Hernández DF 1 0 0
100%
415 Lucas Silva MF 8 0 0
100%
186 Luis Suárez FW 27 16 13
100%
337 Luka Modrić MF 16 1 3
100%
65 Marcelo DF, MF 34 2 7
100%
292 Mario Suárez MF 20 1 0
100%
338 Miguel Torres DF 16 0 1
100%
82 Neymar MF, FW 33 22 7
100%
151 Pablo Hernández MF, FW 29 2 1
100%
490 Pau López GK 2 0 0
100%
189 Pepe DF, MF 27 2 2
100%
515 Raúl Rodríguez DF 1 0 0
100%
192 Sergio Ramos DF 27 4 1
100%
282 Sergio Sánchez DF 21 0 0
100%
20 Toni Kroos MF 36 2 7
100%
308 Unai López MF 19 0 0
100%
21 Víctor Rodríguez MF, FW 36 4 2
100%
73 Víctor Sánchez DF, MF 34 3 3
100%
127 Wellington Silva MF, FW 31 0 3
100%
264 Aarón Ñíguez MF, FW 21 0 1
75%
429 Alessio Cerci MF, FW 6 0 0
75%
442 Álex Fernández DF, MF, FW 5 0 0
75%
253 Álvaro Arbeloa DF 22 1 4
75%
265 Álvaro Vázquez FW 21 7 0
75%
75 André Gomes MF 33 4 1
75%
108 Aritz Aduriz FW 31 18 3
75%
132 Augusto Fernández MF 30 1 0
75%
309 Bebé MF, FW 18 0 2
75%
287 Benoît Trémoulinas DF 20 0 4
75%
310 Beto GK 18 0 0
75%
330 Borja Fernández MF 16 1 0
75%
431 Borja Fernández MF 6 0 0
75%
225 Bruno Soriano MF 24 2 1
75%
5 Carlos Bacca FW 37 20 6
75%
495 Carlos Fernández MF, FW 1 0 0
75%
1 Carlos Kameni GK 38 0 0
75%
343 Carlos Martínez DF 15 0 2
75%
145 Carlos Vela MF, FW 29 9 3
75%
255 Coke DF, MF 22 2 3
75%
48 Daniel Parejo MF 34 12 5
75%
268 David Navarro DF 21 0 0
75%
50 Diego Godín DF 34 3 0
75%
480 Douglas DF 2 0 0
75%
209 Duda DF, FW 25 1 1
75%
355 Enzo Pérez MF 14 0 1
75%
51 Éver Banega MF 34 3 3
75%
25 Fabián Orellana MF, FW 35 5 6
75%
295 Fernando Navarro DF 19 0 0
75%
162 Fernando Soriano MF 28 3 1
75%
112 Fran Rico MF 31 3 1
75%
323 Gerard Deulofeu MF, FW 17 1 4
75%
197 Giovani dos Santos MF, FW 26 1 3
75%
56 Gorka Iraizoz GK 34 0 0
75%
333 Iago Aspas MF, FW 16 2 1
75%
461 Iago Herrerín GK 4 0 0
75%
270 Ibai Gómez MF, FW 21 1 2
75%
115 Imanol Agirretxe FW 31 7 1
75%
300 Iñaki Williams MF, FW 19 1 1
75%
57 Iñigo Martínez DF 34 3 0
75%
395 Jan Oblak GK 11 0 0
75%
165 Javier Mascherano DF, MF 28 0 0
75%
166 Jérémy Mathieu DF 28 2 0
75%
167 Jonathan dos Santos MF 28 2 1
75%
377 José Ángel Alonso DF 13 0 0
75%
31 José Luis Gayà DF, MF 35 1 6
75%
15 José Luis Morales MF, FW 36 3 2
75%
360 José Mari MF 14 0 0
75%
32 Juanfran DF, MF 35 0 4
75%
62 Juanfran DF, FW 34 1 1
75%
324 Juanfran DF 17 0 0
75%
439 Keylor Navas GK 6 0 0
75%
275 Lucas Pérez MF, FW 21 6 3
75%
79 Lucas Vázquez DF, MF, FW 33 3 6
75%
168 Manu del Moral FW 28 3 1
75%
169 Mario Mandžukić MF, FW 28 12 6
75%
150 Mauro dos Santos DF 29 1 0
75%
187 Miguel Ángel Moyá GK 27 0 0
75%
17 Mikel Rico MF 36 3 2
75%
120 Moi Gómez MF, FW 31 4 4
75%
401 Munir El Haddadi MF, FW 10 1 1
75%
188 Nabil Ghilas MF, FW 27 7 0
75%
201 Nicolás Pareja DF 26 1 1
75%
37 Pedro MF, FW 35 6 6
75%
83 Piti MF, FW 33 1 3
75%
152 Raúl Navas DF 29 2 0
75%
84 Roberto Trashorras MF 33 1 4
75%
221 Rodrigo De Paul MF, FW 25 1 4
75%
370 Rubén Pérez MF 14 0 0
75%
491 Samu Martínez MF 2 0 0
75%
427 Sandro Ramírez MF, FW 7 2 0
75%
232 Saúl Ñíguez DF, MF 24 4 2
75%
261 Sergi Gómez DF 22 0 0
75%
72 Sergio Asenjo GK 34 0 0
75%
85 Sergio Busquets MF 33 0 2
75%
281 Sergio Rico GK 21 0 0
75%
86 Shkodran Mustafi DF 33 4 0
75%
87 Sofiane Feghouli MF, FW 33 6 6
75%
249 Stéphane Mbia DF, MF 23 4 0
75%
39 Tomer Hemed FW 35 8 4
75%
456 Víctor Pérez MF 5 0 0
75%
128 Xavi MF 31 2 9
75%
176 Ximo Navarro DF 28 0 2
75%
177 Youssef El-Arabi FW 28 8 2
75%
250 Abel Gómez Moreno MF 22 0 0
50%
251 Abraham González MF 22 1 1
50%
155 Adrián González MF, FW 28 0 2
50%
11 Alberto Bueno MF, FW 36 17 4
50%
388 Alejandro Arribas DF 11 0 0
50%
144 Alexis DF 29 1 1
50%
390 Álex Moreno DF 11 0 0
50%
42 Allan Nyom DF, MF 34 1 0
50%
318 Álvaro Giménez MF, FW 17 0 0
50%
12 Álvaro González DF 36 1 0
50%
130 Álvaro Negredo FW 30 5 4
50%
43 Ander Capa DF, MF, FW 34 3 1
50%
44 Andreu Fontàs DF 34 0 0
50%
13 Ángel Trujillo DF 36 0 2
50%
294 Antonio Amaya DF 19 1 0
50%
91 Arda Turan MF, FW 32 2 5
50%
131 Asier Illarramendi MF 30 0 0
50%
157 Beñat Etxebarria MF 28 2 2
50%
158 Borja García MF, FW 28 1 3
50%
371 Cani MF 13 0 2
50%
392 Carles Planas DF 11 0 1
50%
319 Celso Borges MF, FW 17 3 0
50%
159 Charles FW 28 3 3
50%
92 Chory Castro MF, FW 32 4 4
50%
7 Cristhian Stuani MF, FW 37 12 0
50%
320 Cristian Álvarez GK 17 0 0
50%
194 Cristian Herrera MF, FW 26 1 0
50%
160 Daniel Carriço DF, MF 28 1 0
50%
47 Dani García MF 34 1 2
50%
23 David Barral FW 35 11 0
50%
498 David Costas DF 1 0 0
50%
331 David Zurutuza MF 16 2 0
50%
195 Denis Cheryshev MF, FW 26 4 9
50%
373 Derek Boateng MF 13 0 0
50%
93 Diego Castro MF, FW 32 3 0
50%
226 Diogo Figueiras DF, MF 24 1 2
50%
433 Diogo Salomão MF, FW 6 1 0
50%
332 Eñaut Zubikarai GK 16 0 0
50%
77 Esteban Granero MF 33 0 3
50%
228 Fausto Rossi MF 24 0 0
50%
289 Fede Vico MF, FW 20 0 0
50%
26 Felipe Caicedo MF, FW 35 9 3
50%
290 Florin Andone FW 20 5 0
50%
484 Fran Sol FW 2 0 0
50%
55 Gabi MF 34 0 5
50%
114 Garry Rodrigues MF, FW 31 2 1
50%
196 Gerard Moreno MF, FW 26 7 3
50%
180 Gerard Piqué DF 27 5 1
50%
422 Germán Lux GK 7 0 0
50%
256 Gerónimo Rulli GK 22 0 0
50%
96 Grzegorz Krychowiak MF 32 2 0
50%
211 Guilherme Siqueira DF, MF 25 1 1
50%
28 Gustavo Cabral DF 35 1 0
50%
299 Héctor Moreno DF 19 1 0
50%
163 Hugo Mallo DF 28 1 0
50%
241 Ikechukwu Uche FW 23 6 1
50%
213 Iker Muniain MF, FW 25 1 1
50%
181 Isaac Cuenca MF, FW 27 2 2
50%
58 Isco MF, FW 34 4 10
50%
303 Jeison Murillo DF 19 0 0
50%
30 Joaquín Larrivey FW 35 11 2
50%
14 Jonny Castro DF, MF 36 0 1
50%
505 Jordi Masip GK 1 0 0
50%
304 José Antonio Reyes MF 19 3 4
50%
291 José María Giménez DF 20 1 3
50%
99 Juan Carlos GK 32 0 0
50%
450 Juan Carlos GK 5 0 0
50%
487 Juan Carlos MF, FW 2 0 0
50%
336 Kalu Uche MF, FW 16 5 3
50%
200 Kévin Gameiro FW 26 8 2
50%
305 Laure DF 19 0 0
50%
217 Léo Baptistão MF, FW 25 7 1
50%
100 Luciano Vietto MF, FW 32 12 2
50%
10 Manucho FW 37 5 1
50%
424 Manu Herrera GK 7 0 0
50%
66 Mario Gaspar DF, MF 34 3 2
50%
119 Markel Susaeta MF, FW 31 1 7
50%
416 Martín Montoya DF, MF 8 0 0
50%
16 Michael Krohn-Dehli MF, FW 36 1 4
50%
67 Mikel Arruabarrena FW 34 9 3
50%
339 Mikel González DF 16 0 0
50%
245 Miranda DF 23 3 1
50%
325 Nabil El Zhar MF, FW 17 1 2
50%
364 Nacho DF 14 1 0
50%
378 Nacho DF 13 0 1
50%
34 Nicolás Otamendi DF 35 6 0
50%
18 Nolito MF, FW 36 13 13
50%
121 Nordin Amrabat MF, FW 31 6 4
50%
35 Óscar de Marcos DF, FW 35 1 4
50%
172 Pablo Piatti MF, FW 28 7 6
50%
36 Pablo Sarabia MF, FW 35 2 5
50%
101 Paco Alcácer FW 32 11 5
50%
102 Przemysław Tytoń GK 32 0 0
50%
231 Rafinha MF, FW 24 1 0
50%
190 Raphaël Varane DF, MF 27 0 0
50%
328 Raúl Albentosa DF 17 2 2
50%
122 Raúl García MF, FW 31 5 2
50%
279 Raúl Jiménez FW 21 1 2
50%
141 Recio MF 30 1 2
50%
407 Riki FW 9 0 0
50%
246 Roberto GK 23 0 0
50%
68 Roberto Rosales DF, MF 34 0 3
50%
124 Rodrigo MF, FW 31 3 5
50%
191 Rubén García MF, FW 27 1 3
50%
174 Rubén Pardo MF, FW 28 1 6
50%
103 Samu García MF, FW 32 5 1
50%
293 Santi Mina MF, FW 20 7 1
50%
3 Sergio Álvarez GK 38 0 0
50%
19 Sergio Canales MF, FW 36 4 3
50%
38 Sergio García MF, FW 35 14 8
50%
386 Sergi Roberto DF, MF 12 0 0
50%
105 Sidnei DF 32 0 2
50%
153 Thievy Bifouma MF, FW 29 4 1
50%
519 Thomas Vermaelen DF 1 0 0
50%
126 Tiago Mendes MF 31 5 5
50%
316 Timothée Kolodziejczak DF 18 1 0
50%
154 Vicente Guaita GK 29 0 0
50%
203 Vicente Iborra MF 26 7 1
50%
317 Víctor Álvarez DF, MF 18 0 2
50%
223 Víctor Ruiz DF, MF 25 0 2
50%
175 Vitolo MF, FW 28 6 4
50%
106 Weligton Oliveira DF 32 0 1
50%
90 Xabi Irureta GK 33 0 0
50%
41 Xabi Prieto MF 35 4 6
50%
178 Zé Castro DF 28 0 3
50%
387 Abdoul Sissoko MF 11 0 0
25%
235 Adrián Gunino DF 23 0 1
25%
458 Adrián Marín DF, MF 4 0 0
25%
329 Adriano DF, MF 16 0 1
25%
353 Adri Embarba MF, FW 14 3 3
25%
410 Ager Aketxe MF 8 1 1
25%
236 Alberto de la Bella DF 23 1 2
25%
389 Alejandro Pozuelo MF, FW 11 0 0
25%
143 Aleksandar Pantić DF 29 0 0
25%
74 Álex Bergantiños MF 33 0 1
25%
398 Alex Felip MF 10 0 0
25%
476 Alfonso Pedraza DF, MF, FW 2 0 0
25%
205 Alfreð Finnbogason FW 25 2 1
25%
380 Álvaro Arroyo DF 12 0 0
25%
477 Álvaro Medrán MF 2 0 0
25%
156 Anaitz Arbilla DF 28 1 1
25%
206 Ander Iturraspe MF 25 2 0
25%
286 Andreas Ivanschitz MF 20 1 2
25%
45 Antonio Barragán DF, MF 34 1 3
25%
478 Antonio Marín DF 2 0 0
25%
266 Antonio Rukavina DF 21 0 0
25%
459 Aritz Elustondo DF 4 1 0
25%
237 Arthur Boka DF 23 0 1
25%
76 Aymeric Laporte DF 33 0 1
25%
418 Bojan Jokić DF, MF 7 0 0
25%
391 Borja Ekiza DF 11 0 0
25%
288 Borja Viguera FW 20 1 0
25%
419 Cala DF 7 0 0
25%
238 Carlos Gurpegui DF, MF 23 1 0
25%
372 Carlos Vigaray DF 13 0 0
25%
420 Cristian Ansaldi DF, MF, FW 7 0 0
25%
497 Daniel Larsson MF, FW 1 0 0
25%
49 David Lombán DF 34 5 0
25%
239 Diego Colotto DF 23 1 0
25%
240 Diego Mainz DF 23 3 0
25%
94 Diego Mariño GK 32 0 0
25%
207 Dimitri Foulquier DF, MF 25 0 2
25%
208 Domingo Cisma DF 25 0 1
25%
135 Edgar Mendez MF 30 4 1
25%
312 Edu Albácar DF 18 3 3
25%
179 Emiliano Velázquez DF 27 1 1
25%
24 Eneko Bóveda DF 35 1 3
25%
446 Enrique Sola FW 5 0 0
25%
95 Enzo Roco DF 32 0 1
25%
346 Eric Bailly DF 15 0 0
25%
111 Fabricio GK 31 0 0
25%
52 Fayçal Fajr MF, FW 34 1 4
25%
136 Federico Cartabia MF, FW 30 4 4
25%
161 Federico Piovaccari FW 28 6 0
25%
210 Fidel DF, MF, FW 25 1 1
25%
435 Filipe Augusto MF 6 0 0
25%
54 Fredy Hinestroza DF, MF 34 2 3
25%
297 Gabriel Paulista DF 19 0 0
25%
460 Gaizka Toquero MF, FW 4 0 0
25%
298 Gorka Elustondo DF, MF 19 1 0
25%
229 Haris Medunjanin MF 24 2 0
25%
357 Hélder Postiga FW 14 1 1
25%
212 Ignacio Camacho MF 25 2 2
25%
302 Isaac Success MF, FW 19 1 1
25%
59 Ivan Cavaleiro MF, FW 34 3 3
25%
374 Iván Ramis DF 13 0 0
25%
272 Javier Espinosa MF, FW 21 2 0
25%
29 Javi Fuego MF 35 3 1
25%
375 Javi Guerra FW 13 5 1
25%
116 Javi Lara MF 31 1 3
25%
60 Jean-Sylvain Babin DF 34 1 0
25%
359 Jesús Gámez DF 14 0 0
25%
335 Joel Campbell MF, FW 16 1 0
25%
472 Jonathan Pereira FW 3 0 0
25%
61 Jonathas FW 34 14 7
25%
463 Jon Aurtenetxe DF 4 0 0
25%
215 Jon Errasti MF 25 0 0
25%
449 Jordi Codina GK 5 0 0
25%
376 Jorge Morcillo DF 13 1 0
25%
184 José Ángel Crespo DF 27 0 0
25%
243 Joseba Zaldúa DF 23 0 2
25%
506 José Carlos MF, FW 1 0 0
25%
244 Jozabed MF 23 1 1
25%
257 Juan Domínguez MF 22 1 0
25%
63 Juanmi MF, FW 34 8 0
25%
507 Juan Muñoz MF, FW 1 0 0
25%
451 Juanpi MF, FW 5 0 0
25%
258 Juan Rafael Fuentes DF 22 0 0
25%
383 Juan Valera Espín DF, MF 12 0 0
25%
314 Karim Yoda MF 18 4 1
25%
185 Loukas Vyntra DF 27 0 0
25%
259 Lucas Orbán DF 22 1 1
25%
349 Luis Alberto MF, FW 15 2 1
25%
276 Luis Fariña MF, FW 21 1 0
25%
33 Luisinho DF 35 0 1
25%
137 Manuel Iturra MF 30 0 1
25%
454 Manuel Pablo DF 5 0 0
25%
80 Manu Trigueros MF, FW 33 1 1
25%
361 Marc Bartra DF, MF 14 1 3
25%
488 Mariano Barbosa GK 2 0 0
25%
118 Mario Pašalić MF, FW 31 3 0
25%
138 Markel Bergara MF 30 1 1
25%
512 Martin Ødegaard MF, FW 1 0 0
25%
139 Mehdi Lacen MF 30 2 1
25%
81 Mikel Balenziaga DF 33 0 0
25%
440 Mikel Saizar GK 6 0 0
25%
170 Mikel San José DF, MF 28 5 1
25%
277 Mohamed Sissoko MF 21 0 0
25%
140 Naldo DF 30 0 0
25%
171 Nemanja Radoja DF, MF 28 0 0
25%
366 Oier Olazábal GK 14 0 0
25%
278 Oriol Riera FW 21 4 1
25%
306 Papakouli Diop MF 19 0 1
25%
367 Patrick Ekeng MF 14 1 1
25%
219 Pedro León MF, FW 25 2 5
25%
402 Pedro López Muñoz DF 10 0 0
25%
220 Pedro Mosquera MF 25 1 1
25%
368 Ramon Azeez MF 14 0 1
25%
369 Rene Krhin MF, FW 14 0 0
25%
123 Ricardo Horta MF, FW 31 1 1
25%
280 Robert Ibáñez MF, FW 21 5 1
25%
385 Roque Santa Cruz FW 12 4 1
25%
247 Rubén GK 23 0 0
25%
516 Rubén Blanco GK 1 0 0
25%
426 Rúben Vezo DF 7 0 0
25%
397 Sami Khedira MF 11 0 0
25%
248 Sammir MF, FW 23 1 4
25%
69 Samu Castillejo MF, FW 34 1 5
25%
70 Saúl Berjón MF, FW 34 3 7
25%
104 Sebastián Dubarbier DF, FW 32 0 1
25%
71 Sergi Darder MF 34 4 0
25%
142 Sergio Escudero DF, MF 30 2 1
25%
193 Simão Mate Junior DF, MF 27 1 0
25%
517 Stole Dimitrievski GK 1 0 0
25%
88 Tito DF 33 0 2
25%
222 Toché FW 25 4 1
25%
263 Toño DF, MF, FW 22 0 2
25%
283 Toño GK 21 0 0
25%
520 Tropi MF 1 0 0
25%
89 Verza MF 33 4 3
25%
233 Víctor Camarasa MF 24 2 1
25%
40 Víctor Casadesús FW 35 8 2
25%
352 Vitorino Antunes DF, MF 15 0 2
25%
234 Xabier Etxeita DF 24 2 0
25%
409 Xisco FW 9 1 0
25%
493 Yoel GK 2 0 0
25%
284 Yuri Berchiche DF, FW 21 0 1
25%
252 Abraham Minero DF, MF 22 1 2
0%
457 Adrián Colunga MF, FW 4 0 0
0%
129 Alberto Lopo DF 30 2 0
0%
443 Alfredo Ortuño DF, FW 5 0 1
0%
254 Andoni Iraola DF, MF 22 1 1
0%
341 Ángel Lafita MF, FW 15 2 1
0%
430 Aritz López Garai MF 6 0 0
0%
267 Baba Diawara FW 21 1 1
0%
494 Borja Iglesias FW 1 0 0
0%
404 Bruno Zuculini MF 9 0 0
0%
411 Carles Gil MF, FW 8 1 0
0%
479 Carlos Caballero MF 2 0 0
0%
496 Carlos Selfa MF 1 0 0
0%
393 Cezary Wilk MF 11 0 0
0%
344 Chechu DF 15 0 0
0%
109 Corona MF 31 0 0
0%
394 Daniel Candeias MF, FW 11 0 1
0%
381 Daniel Pinillos DF 12 0 0
0%
405 Dani Nieto MF, FW 9 0 0
0%
444 Dani Romera FW 5 0 0
0%
466 Darwin Machís MF, FW 3 0 0
0%
467 David Cobeño GK 3 0 0
0%
269 Deivid DF, MF 21 0 0
0%
311 Dejan Lekić FW 18 0 0
0%
345 Dídac Vilà DF, MF 15 0 0
0%
445 Eddy Silvestre MF 5 0 0
0%
321 Edimar Fraga DF, MF 17 0 0
0%
354 Edu Caballer DF 14 0 0
0%
382 Emanuel Insúa DF 12 0 1
0%
434 Emi Buendía MF, FW 6 0 0
0%
227 Emiliano Insúa DF 24 1 1
0%
481 Eneko Capilla MF 2 0 0
0%
482 Erik Morán MF 2 0 0
0%
500 Ezequiel Rescaldani FW 1 0 0
0%
447 Felipe Mattioni DF 5 0 0
0%
421 Fernando Tissone MF 7 0 0
0%
53 Ferran Corominas MF, FW 34 0 1
0%
501 Franco Fragapane MF, FW 1 0 0
0%
483 Fran Serrano DF 2 0 0
0%
322 Fran Vélez DF, MF 17 0 1
0%
27 Gaël Kakuta MF, FW 35 5 7
0%
502 Gaspar Panadero MF 1 0 0
0%
356 Guillermo FW 14 0 0
0%
503 Héctor DF, FW 1 0 0
0%
423 Héctor Rodas DF 7 0 0
0%
436 Héctor Yuste DF, MF 6 0 0
0%
468 Iago Bouzón DF 3 0 0
0%
301 Ion Ansotegi DF 19 0 0
0%
462 Issam El Adoua DF 4 0 0
0%
412 Ivi MF, FW 8 0 0
0%
448 Jaime GK 5 0 0
0%
485 Jaime Gavilán MF 2 0 0
0%
469 Jairo Morillas FW 3 0 0
0%
486 Jason DF, MF, FW 2 0 0
0%
230 Javier Aquino DF, MF 24 0 2
0%
214 Javi Márquez MF 25 0 0
0%
334 Jesé MF, FW 16 3 1
0%
438 Jesús GK 6 0 0
0%
199 Jhon Córdoba FW 26 4 0
0%
470 Joan Jordán MF 3 0 0
0%
399 João Cancelo DF, MF 10 0 0
0%
182 Jonathan Zongo MF, FW 27 2 1
0%
471 Jon Gaztañaga DF, MF 3 0 0
0%
313 Jordi Xumetra MF, FW 18 0 1
0%
148 José Cañas MF 29 0 0
0%
414 José Manuel Casado DF 8 0 1
0%
273 Juankar DF, FW 21 0 1
0%
347 Julián Cuesta GK 15 0 0
0%
508 Julián Luque Conde MF, FW 1 0 0
0%
348 Lass Bangoura MF, FW 15 0 1
0%
452 Lévy Madinda MF 5 0 0
0%
274 Licá MF, FW 21 0 3
0%
117 Lillo DF 31 0 0
0%
473 Luís Martins DF 3 0 0
0%
510 Luismi DF, MF 1 0 0
0%
315 Luso DF, MF 18 1 0
0%
453 Mané DF, MF 5 0 0
0%
260 Marcos Angeleri DF 22 0 0
0%
511 Mario Arqués MF 1 0 0
0%
362 Mateo Musacchio DF 14 3 0
0%
363 Michel DF 14 2 0
0%
384 Míchel MF 12 1 0
0%
455 Mike Havenaar FW 5 0 0
0%
425 Miku FW 7 2 0
0%
489 Modibo Diakité DF 2 0 0
0%
400 Mohammed Fatau MF 10 0 0
0%
365 Nikolaos Karabelas DF 14 0 1
0%
513 Pablo Clavería MF 1 0 0
0%
350 Pablo Hervías DF, MF, FW 15 1 0
0%
326 Pablo Insua DF 17 0 0
0%
218 Paco Montañés MF, FW 25 1 1
0%
327 Quini DF, MF 17 0 0
0%
474 Quique MF, FW 3 0 0
0%
514 Rafa DF, MF 1 0 0
0%
379 Rafael Martins FW 13 1 0
0%
465 Rafa Gálvez DF, MF 4 0 0
0%
173 Raúl Baena MF 28 2 0
0%
408 Roberto Canella DF 9 0 0
0%
340 Roberto Lago DF, MF 16 0 1
0%
396 Rubén Duarte DF 11 0 0
0%
307 Rubén Rochina MF, FW 19 2 1
0%
475 Ryder Matos MF, FW 3 0 0
0%
202 Salva Sevilla MF 26 0 3
0%
428 Sergio Marcos MF 7 0 0
0%
403 Sergio Pelegrín DF 10 0 0
0%
518 Sulayman Marreh DF, MF 1 0 0
0%
441 Teerasil Dangda FW 6 0 0
0%
417 Theo Bongonda MF, FW 8 1 1
0%
125 Thomas Partey DF, MF 31 4 0
0%
262 Tomás Pina Isla MF 22 0 3
0%
351 Txema Añibarro DF, MF 15 0 0
0%
521 Uche Henry Agbo MF 1 0 0
0%
492 Unai Bustinza DF 2 0 0
0%
No matching quizzes found
Score Distribution
Percent of People with Each Score
Percentile by Number Answered
Your Score History
You have not taken this quiz